<?xml version="1.0" encoding="UTF-8"?>
<marc:record xmlns:marc="http://www.loc.gov/MARC21/slim">
   <marc:leader>00000nam a2200000 a 4500</marc:leader>
   <marc:datafield ind1="1" ind2=" " tag="100">
      <marc:subfield code="a">Gelernter, David</marc:subfield>
      <marc:subfield code="4">aut</marc:subfield>
      <marc:subfield code="e">Verfasser/-in</marc:subfield>
   </marc:datafield>
   <marc:datafield ind1="1" ind2=" " tag="100">
      <marc:subfield code="a">Vogel, Sebastian</marc:subfield>
      <marc:subfield code="4">trl</marc:subfield>
      <marc:subfield code="e">Übersetzer/-in</marc:subfield>
   </marc:datafield>
   <marc:datafield ind1=" " ind2=" " tag="653">
      <marc:subfield code="a">Computer</marc:subfield>
   </marc:datafield>
   <marc:datafield ind1=" " ind2=" " tag="653">
      <marc:subfield code="a">Bewusstsein</marc:subfield>
   </marc:datafield>
   <marc:datafield ind1=" " ind2=" " tag="653">
      <marc:subfield code="a">Kreativität</marc:subfield>
   </marc:datafield>
   <marc:datafield ind1="0" ind2="0" tag="245">
      <marc:subfield code="a">Gezeiten des Geistes</marc:subfield>
   </marc:datafield>
   <marc:datafield ind1="0" ind2="0" tag="245">
      <marc:subfield code="b">die Vermessung unseres Bewustseins</marc:subfield>
   </marc:datafield>
   <marc:datafield ind1="0" ind2="0" tag="245">
      <marc:subfield code="c">David Gelernter. Aus dem Amerikan. von Sebastian Vogel</marc:subfield>
   </marc:datafield>
   <marc:datafield ind1=" " ind2="1" tag="264">
      <marc:subfield code="a">Berlin</marc:subfield>
      <marc:subfield code="b">Ullstein</marc:subfield>
      <marc:subfield code="c">2016</marc:subfield>
   </marc:datafield>
   <marc:datafield ind1="1" ind2=" " tag="520">
      <marc:subfield code="a">Angaben aus der Verlagsmeldung. Gezeiten des Geistes : Die Vermessung unseres Bewusstseins The Tides of Mind / von David Gelernter. Es ist nur eine Frage der Zeit, bis Computer dem menschlichen Geist überlegen sind und künstliche Intelligenz auch unser Bewusstsein überformt &#x97; so das Credo der Naturwissenschaften. David Gelernter, Philosoph und Visionär, stellt die Technikgläubigkeit vom Kopf auf die Füße: Das Spektrum unseres Bewusstseins ist so vielgestaltig, so schöpferisch und so einzigartig, dass kein Computerprogramm dem je gleichkäme. Unser Geist kann sich von Regeln frei machen und gänzlich Neues erschaffen. Das zeigen die Werke von Shakespeare, Homer und Proust. Kreativität und die Fähigkeit zur Introspektion sind nur dem Menschen gegeben. Und die Erkenntnisse von Descartes, Searle und Freud haben im digitalen Zeitalter eine größere Bedeutung denn je. Gezeiten des Geistes lotet die Tiefen des Bewusstseins aus und gibt uns ein neues Verständnis von dem, was das Wesen des Menschen ausmacht.</marc:subfield>
   </marc:datafield>
   <marc:datafield ind1=" " ind2=" " tag="020">
      <marc:subfield code="a">9783550080494</marc:subfield>
      <marc:subfield code="9">9783550080494</marc:subfield>
   </marc:datafield>
   <marc:datafield ind1=" " ind2=" " tag="020">
      <marc:subfield code="a">ISBN 9783550080494 ? 22,70</marc:subfield>
      <marc:subfield code="9">ISBN 9783550080494 ? 22,70</marc:subfield>
   </marc:datafield>
   <marc:datafield ind1=" " ind2=" " tag="041">
      <marc:subfield code="a">ger</marc:subfield>
   </marc:datafield>
   <marc:datafield ind1=" " ind2=" " tag="500">
      <marc:subfield code="a">Literaturangaben</marc:subfield>
   </marc:datafield>
   <marc:datafield ind1="0" ind2=" " tag="490">
      <marc:subfield code="v">0</marc:subfield>
   </marc:datafield>
   <marc:datafield ind1=" " ind2=" " tag="300">
      <marc:subfield code="a">391 S. : graph. Darst.</marc:subfield>
   </marc:datafield>
</marc:record>
